Welcome to CU Library Online Public Access Catalogue (OPAC)

Criminal law in Ghana / (Record no. 162)

MARC details
000 -LEADER
fixed length control field 00521cam a2200181 a 4500
001 - CONTROL NUMBER
control field 1939314
005 - DATE AND TIME OF LATEST TRANSACTION
control field 20241024094914.0
008 - FIXED-LENGTH DATA ELEMENTS--GENERAL INFORMATION
fixed length control field 860422s1985 gh b 001 0 eng
020 ## - INTERNATIONAL STANDARD BOOK NUMBER
International Standard Book Number 9964102933
050 00 - LIBRARY OF CONGRESS CALL NUMBER
Classification number KRX3800
Item number .T98 1985
082 00 - DEWEY DECIMAL CLASSIFICATION NUMBER
Classification number 345.667
-- 346.6705
Edition information 19
100 1# - MAIN ENTRY--PERSONAL NAME
Personal name Twumasi, P. K.
Fuller form of name (Paul Kofi),
Dates associated with a name 1934-
245 10 - TITLE STATEMENT
Title Criminal law in Ghana /
Statement of responsibility, etc. P.K. Twumasi.
260 ## - PUBLICATION, DISTRIBUTION, ETC.
Place of publication, distribution, etc. Tema :
Name of publisher, distributor, etc. Ghana Pub. Corp.,
Date of publication, distribution, etc. 1985.
300 ## - PHYSICAL DESCRIPTION
Extent xlviii, 634 p. ;
Dimensions 24 cm.
Other physical details Index
650 #0 - SUBJECT ADDED ENTRY--TOPICAL TERM
Topical term or geographic name entry element Criminal law
Geographic subdivision Ghana.
942 ## - ADDED ENTRY ELEMENTS (KOHA)
Source of classification or shelving scheme Library of Congress Classification
Koha item type Books
Suppress in OPAC No
999 ## -
-- 162
-- 162
Holdings
Withdrawn status Lost status Source of classification or shelving scheme Damaged status Not for loan Collection Home library Current library Shelving location Date acquired Total checkouts Full call number Barcode Date last seen Copy number Price effective from Koha item type
    Library of Congress Classification     Non-fiction Law Library (Miotso) Law Library (Miotso) Reference 10/24/2024   KRX3800.T98 TWU LLM00000244 10/24/2024 1 10/24/2024 Books
    Library of Congress Classification     Non-fiction Law Library (Miotso) Law Library (Miotso) General stacks 11/04/2024   KRX3800.T98 TWU LLM00000364 11/04/2024 2 11/04/2024 Books
    Library of Congress Classification     Non-fiction Law Library (Miotso) Law Library (Miotso) General stacks 11/04/2024   KRX3800.T98 TWU LLM00000365 11/04/2024 3 11/04/2024 Books
    Library of Congress Classification     Non-fiction Law Library (Miotso) Law Library (Miotso) General stacks 11/16/2024   KRX3800.T98 TWU LLM00001016 11/16/2024 4 11/16/2024 Books
    Library of Congress Classification     Non-fiction Law Library (Miotso) Law Library (Miotso) General stacks 11/16/2024   KRX3800.T98 TWU LLM00001017 11/16/2024 5 11/16/2024 Books
    Library of Congress Classification     Non-fiction Law Library (Miotso) Law Library (Miotso) General stacks 11/16/2024   KRX3800.T98 TWU LLM00001018 11/16/2024 6 11/16/2024 Books
    Library of Congress Classification     Non-fiction Law Library (Miotso) Law Library (Miotso) General stacks 11/16/2024   KRX3800.T98 TWU LLM00001019 11/16/2024 7 11/16/2024 Books
© 2023-2024 Copyright: Central University Libraries. All Rights Reserved | Created by: Mahone Tech Office